00679nam a2200229 a 4500001001300000003000900013005001700022008004100039020001000080082001500090100002200105245004500127260004700172300000900219500003500228650001800263700002200281902000800303942000700311952011600318999001500434nice12345678IN_TiNIC20260116012713.0070810s1976 laha grp 000 0 eng  ac10000a297.1bMUR aMurad, Mehr Afroz aIntellectual Modernism of Shibli Nu`mani aLahorebInstitute of Islamic Culturec1976 a135p aincludes index and biblioraphy aShibli Nomani1 aMurad, Mehr Afroz bSRS cBK 001040708StackRoom-aHMIbHMId2007-08-10g100.00l0o297.1 MURp012695r2007-08-10v100.00w2007-08-10yBK c8027d8027